[Event "Magyar rapid bajnokság"]
[Site "Ajka"]
[Date "2020.07.19"]
[Round "12.17"]
[White "Persanyi, Barnabas"]
[Black "Farago, Sandor"]
[Result "1-0"]
[WhiteElo "2019"]
[BlackElo "2271"]
[PlyCount "143"]
[EventDate "2020.07.17"]
[EventType "swiss"]
[EventRounds "13"]
[EventCountry "HUN"]

1. c4 c5 2. g3 Nc6 3. Bg2 g6 4. Nc3 Bg7 5. d3 e6 6. e4 Nge7 7. Nge2 a6 8. O-O
Rb8 9. Be3 Nd4 10. Rb1 d6 11. a3 O-O 12. b4 Nec6 13. Qd2 Re8 14. b5 axb5 15.
Nxb5 Nxb5 16. Rxb5 Ra8 17. Rb3 Na5 18. Rbb1 Nc6 19. Rb3 Na5 20. Rbb1 Nc6 21. d4
cxd4 22. Nxd4 Ne5 23. Qc1 Nd3 24. Qc2 Nc5 25. Nb5 Ra6 26. Rfd1 Na4 27. Rxd6
Rxd6 28. Nxd6 Qxd6 29. Qxa4 Rd8 30. Bf3 Qe7 31. Qa5 h6 32. Bc5 Qe8 33. Qb5 e5
34. Qxe8+ Rxe8 35. Kg2 Be6 36. Be2 Rc8 37. Rb5 Bd7 38. Ra5 Bc6 39. f3 Rd8 40.
Be3 f5 41. exf5 gxf5 42. Kf2 Kh7 43. c5 Kg6 44. Bb5 Bd5 45. Ra7 Bf6 46. a4 Bg5
47. f4 exf4 48. Bxf4 Bf6 49. Be3 Be4 50. a5 Bd4 51. a6 Bxe3+ 52. Kxe3 bxa6 53.
Rxa6+ Kg7 54. c6 Bd5 55. c7 Rc8 56. Rd6 Bb7 57. Rd7+ Kf6 58. Kd4 Ke6 59. Kc5 h5
60. Kb6 Bf3 61. Rd8 Rxc7 62. Kxc7 h4 63. Bd7+ Ke5 64. Re8+ Kf6 65. Rf8+ Kg7 66.
Rxf5 Be2 67. gxh4 Kh6 68. Rg5 Bh5 69. Kd6 Bf7 70. Ke7 Bc4 71. Kf6 Be2 72. Bg4
1-0

[Event "Magyar rapid bajnokság"]
[Site "Ajka"]
[Date "2020.07.19"]
[Round "12.18"]
[White "Ongut, Tamas Gunes"]
[Black "Hardicsay, Peter"]
[Result "1-0"]
[WhiteElo "1979"]
[BlackElo "2240"]
[PlyCount "47"]
[EventDate "2020.07.17"]
[EventType "swiss"]
[EventRounds "13"]
[EventCountry "HUN"]

1. e4 c6 2. d4 d5 3. e5 Bf5 4. h4 h6 5. g4 Bd7 6. Nc3 e6 7. h5 c5 8. Nge2 Nc6
9. Bf4 cxd4 10. Nxd4 Nxd4 11. Qxd4 Ne7 12. Bg2 Nc6 13. Qd2 Rc8 14. O-O Be7 15.
Rad1 a6 16. Ne2 Bg5 17. c4 dxc4 18. Bxg5 hxg5 19. f4 gxf4 20. Qxf4 Qe7 21. Ng3
O-O 22. h6 f5 23. hxg7 Rf7 24. Nh5 1-0

[Event "Magyar rapid bajnokság"]
[Site "Ajka"]
[Date "2020.07.19"]
[Round "12.19"]
[White "Molnar, Bela"]
[Black "Gaal, Zsoka"]
[Result "1/2-1/2"]
[WhiteElo "2346"]
[BlackElo "1816"]
[PlyCount "30"]
[EventDate "2020.07.17"]
[EventType "swiss"]
[EventRounds "13"]
[EventCountry "HUN"]

1. e4 c5 2. Nc3 Nc6 3. Bb5 Nd4 4. Nf3 a6 5. Bc4 e6 6. Nxd4 cxd4 7. Ne2 Bc5 8.
O-O Ne7 9. c3 Nc6 10. b4 Ba7 11. Bb2 dxc3 12. Bxc3 O-O 13. d4 d5 14. Bd3 dxe4
15. Bxe4 Ne7 1/2-1/2

[Event "Magyar rapid bajnokság"]
[Site "Ajka"]
[Date "2020.07.19"]
[Round "12.21"]
[White "Havanecz, Bianka"]
[Black "Egresi, Mate"]
[Result "0-1"]
[WhiteElo "2122"]
[BlackElo "2299"]
[PlyCount "80"]
[EventDate "2020.07.17"]
[EventType "swiss"]
[EventRounds "13"]
[EventCountry "HUN"]

1. d4 d5 2. c4 e6 3. Nf3 Nf6 4. g3 dxc4 5. Bg2 Bb4+ 6. Bd2 a5 7. O-O O-O 8. Qc2
Bxd2 9. Nbxd2 b5 10. Ne5 Ra6 11. e3 Nfd7 12. Ndf3 Nxe5 13. Nxe5 f6 14. Nf3 Nc6
15. a3 a4 16. Rad1 Bb7 17. Nd2 Qa8 18. f3 e5 19. Ne4 exd4 20. exd4 Ne7 21. Nc5
Rd6 22. Rfe1 Ng6 23. Nxb7 Qxb7 24. f4 Qb6 25. Qf2 Rfd8 26. f5 Nf8 27. Re4 c5
28. Re7 cxd4 29. Qf4 d3+ 30. Kf1 R6d7 31. Re4 Qd6 32. Qg4 Re7 33. Rde1 Rxe4 34.
Qxe4 Nd7 35. Qd5+ Qxd5 36. Bxd5+ Kf8 37. Bc6 Ne5 38. Bxb5 Rb8 39. Bxa4 Rxb2 40.
Ra1 c3 0-1

[Event "Magyar rapid bajnokság"]
[Site "Ajka"]
[Date "2020.07.19"]
[Round "12.24"]
[White "Udvardi, Zalan"]
[Black "Kiss, Pal"]
[Result "1-0"]
[WhiteElo "2078"]
[BlackElo "2264"]
[PlyCount "52"]
[EventDate "2020.07.17"]
[EventType "swiss"]
[EventRounds "13"]
[EventCountry "HUN"]

1. e4 c5 2. Nc3 e6 3. Nge2 Nc6 4. g3 g6 5. d4 cxd4 6. Nxd4 a6 7. Nxc6 dxc6 8.
Qxd8+ Kxd8 9. Bf4 Bc5 10. e5 f5 11. exf6 Nxf6 12. Be5 Rf8 13. Bxf6+ Rxf6 14.
Ne4 Rf5 15. O-O-O+ Kc7 16. Bh3 Re5 17. Nxc5 Rxc5 18. Rhe1 e5 19. Bxc8 Rxc8 20.
b4 Rc4 21. Rxe5 Rxb4 22. Re7+ Kb8 23. Rdd7 Rf8 24. f4 g5 25. fxg5 Rf1+ 26. Kd2
a5 1-0

[Event "Magyar rapid bajnokság"]
[Site "Ajka"]
[Date "2020.07.19"]
[Round "12.25"]
[White "Kozma, Karoly"]
[Black "Pasztor, Balazs"]
[Result "1/2-1/2"]
[WhiteElo "2255"]
[BlackElo "1720"]
[PlyCount "62"]
[EventDate "2020.07.17"]
[EventType "swiss"]
[EventRounds "13"]
[EventCountry "HUN"]

1. Nf3 d5 2. b3 Nf6 3. Bb2 Bf5 4. e3 c6 5. h3 h6 6. c4 e6 7. Nc3 Be7 8. d4 Ne4
9. Nxe4 Bxe4 10. Nd2 Bg6 11. Be2 O-O 12. O-O Nd7 13. Re1 Re8 14. a3 a5 15. Bf3
Nf6 16. e4 dxe4 17. Nxe4 Nxe4 18. Bxe4 Bxe4 19. Rxe4 Bf6 20. Qc2 a4 21. Rae1 b5
22. b4 Qd7 23. Rg4 h5 24. Rf4 Rad8 25. Qe2 bxc4 26. Qxh5 Qd5 27. Qg4 Kf8 28.
Rfe4 Qf5 29. Rc1 Qd5 30. Qe2 Rd6 31. Rxc4 Red8 1/2-1/2

[Event "Magyar rapid bajnokság"]
[Site "Ajka"]
[Date "2020.07.19"]
[Round "13.2"]
[White "Kantor, Gergely"]
[Black "Erdos, Viktor"]
[Result "1/2-1/2"]
[WhiteElo "2424"]
[BlackElo "2580"]
[PlyCount "21"]
[EventDate "2020.07.17"]
[EventType "swiss"]
[EventRounds "13"]
[EventCountry "HUN"]

1. d4 Nf6 2. c4 c6 3. Nc3 d5 4. Nf3 a6 5. e3 e6 6. b3 Bb4 7. Bd2 Nbd7 8. Bd3
Qe7 9. O-O O-O 10. Bc2 b6 11. Re1 1/2-1/2

[Event "Magyar rapid bajnokság"]
[Site "Ajka"]
[Date "2020.07.19"]
[Round "13.3"]
[White "Balogh, Csaba"]
[Black "Berkes, Ferenc"]
[Result "1/2-1/2"]
[WhiteElo "2653"]
[BlackElo "2688"]
[PlyCount "21"]
[EventDate "2020.07.17"]
[EventType "swiss"]
[EventRounds "13"]
[EventCountry "HUN"]

1. e4 Nf6 2. e5 Nd5 3. d4 d6 4. Nf3 dxe5 5. Nxe5 c6 6. Be2 Bf5 7. O-O Nd7 8.
Nf3 e6 9. c4 N5f6 10. Nc3 Ne4 11. Nxe4 1/2-1/2

[Event "Magyar rapid bajnokság"]
[Site "Ajka"]
[Date "2020.07.19"]
[Round "13.4"]
[White "Kaczur, Florian"]
[Black "Mihok, Oliver"]
[Result "1/2-1/2"]
[WhiteElo "2454"]
[BlackElo "2508"]
[PlyCount "35"]
[EventDate "2020.07.17"]
[EventType "swiss"]
[EventRounds "13"]
[EventCountry "HUN"]

1. c4 c5 2. Nf3 Nc6 3. Nc3 e5 4. e3 Nf6 5. d4 e4 6. d5 exf3 7. dxc6 dxc6 8.
Qxd8+ Kxd8 9. gxf3 Kc7 10. b3 Be7 11. Bb2 Rd8 12. h4 g6 13. Ne4 Nxe4 14. fxe4
Bg4 15. Be2 Bxe2 16. Kxe2 h5 17. Be5+ Bd6 18. Bf6 1/2-1/2

[Event "Magyar rapid bajnokság"]
[Site "Ajka"]
[Date "2020.07.19"]
[Round "13.6"]
[White "Horvath, Jozsef"]
[Black "Ruck, Robert"]
[Result "1/2-1/2"]
[WhiteElo "2438"]
[BlackElo "2453"]
[PlyCount "144"]
[EventDate "2020.07.17"]
[EventType "swiss"]
[EventRounds "13"]
[EventCountry "HUN"]

1. Nf3 Nf6 2. c4 c5 3. Nc3 Nc6 4. e3 e6 5. d4 d5 6. cxd5 Nxd5 7. Bc4 cxd4 8.
exd4 Be7 9. O-O O-O 10. Re1 Bf6 11. Ne4 b6 12. Nxf6+ Nxf6 13. Bg5 Bb7 14. a3
Rc8 15. Ba2 Ne7 16. Ne5 Qd6 17. Bxf6 gxf6 18. Ng4 Qf4 19. g3 Qg5 20. Ne3 Rfd8
21. Qa4 a5 22. h4 Qh5 23. d5 Nxd5 24. Bxd5 Bxd5 25. Qd4 Qf3 26. Nxd5 Rxd5 27.
Qxb6 Rc2 28. Rac1 Rdd2 29. Rxc2 Rxc2 30. Rf1 a4 31. Qd4 Kg7 32. Qxa4 Rxb2 33.
Qd4 Ra2 34. a4 h5 35. Qb4 e5 36. a5 Qd5 37. Qb1 Rxa5 38. Qd1 Qxd1 39. Rxd1 Ra2
40. Kg2 e4 41. Re1 f5 42. Re3 Kf6 43. Rb3 Rd2 44. Rb6+ Ke5 45. Rb5+ Rd5 46. Rb7
Ke6 47. Rb6+ Rd6 48. Rb5 f6 49. Ra5 Rd2 50. Ra6+ Ke5 51. Ra5+ Rd5 52. Ra8 f4
53. Re8+ Kf5 54. gxf4 Kxf4 55. Re6 f5 56. Rg6 Rd2 57. Rg3 Ra2 58. Kg1 Rb2 59.
Kg2 Rd2 60. Kg1 Re2 61. Kf1 Ra2 62. Kg2 Ra5 63. Kg1 Re5 64. Kg2 Rd5 65. Kg1 Rd3
66. Rg5 Rd1+ 67. Kg2 Rd2 68. Kg1 Rc2 69. Rxh5 Rc1+ 70. Kg2 Rc2 71. Kg1 Rc1+ 72.
Kg2 Rc2 1/2-1/2

[Event "Magyar rapid bajnokság"]
[Site "Ajka"]
[Date "2020.07.19"]
[Round "13.7"]
[White "Mester, Gyula"]
[Black "Almasi, Zoltan"]
[Result "0-1"]
[WhiteElo "2426"]
[BlackElo "2678"]
[PlyCount "41"]
[EventDate "2020.07.17"]
[EventType "swiss"]
[EventRounds "13"]
[EventCountry "HUN"]

1. d4 Nf6 2. c4 e6 3. Nc3 Bb4 4. e3 O-O 5. Bd3 c5 6. a3 Bxc3+ 7. bxc3 Nc6 8.
Ne2 b6 9. O-O Ba6 10. Ng3 Na5 11. Qe2 Qc7 12. e4 cxd4 13. e5 Ne8 14. Qe4 f5 15.
Qxa8 Nc6 16. c5 Bxd3 17. cxb6 Qxb6 18. Qc8 Bxf1 19. Qxd7 Bc4 20. cxd4 Qxd4 21.
Qxc6 0-1

[Event "Magyar rapid bajnokság"]
[Site "Ajka"]
[Date "2020.07.19"]
[Round "13.8"]
[White "Fancsy, Imre"]
[Black "Papp, Gabor"]
[Result "0-1"]
[WhiteElo "2414"]
[BlackElo "2603"]
[PlyCount "128"]
[EventDate "2020.07.17"]
[EventType "swiss"]
[EventRounds "13"]
[EventCountry "HUN"]

1. Nf3 c5 2. c4 Nc6 3. g3 g6 4. Bg2 Bg7 5. Nc3 e5 6. a3 d6 7. O-O Nge7 8. b4
O-O 9. Rb1 f5 10. Ne1 Rb8 11. Nc2 f4 12. e3 g5 13. Qh5 Bf5 14. Be4 Ng6 15. bxc5
dxc5 16. Bd5+ Kh8 17. Ne4 Nge7 18. Nxg5 Nxd5 19. cxd5 Qxd5 20. d3 Bg6 21. e4
Qa2 22. Rb2 Qxb2 23. Qxg6 hxg6 24. Bxb2 Rfd8 25. Nf7+ Kg8 26. Nxd8 Rxd8 27. Rd1
g5 28. f3 b5 29. Kf2 Kf7 30. Ke2 Rh8 31. Rh1 fxg3 32. h3 g2 33. Rg1 Rxh3 34.
Rxg2 Bf6 35. Ne3 a5 36. a4 bxa4 37. Nc4 Rh1 38. Ba3 Nd4+ 39. Ke3 Re1+ 40. Kf2
Rd1 41. Ke3 Rf1 42. Rf2 Re1+ 43. Kd2 Ra1 44. Kc3 Nb5+ 45. Kb2 Rd1 46. Kc2 Ra1
47. Kb2 Rh1 48. Bxc5 Ke6 49. Na3 Nd4 50. Bxd4 exd4 51. Nc4 Be7 52. f4 gxf4 53.
Rxf4 Rh2+ 54. Kb1 a3 55. Rf5 Bb4 56. Rb5 Kd7 57. e5 Kc6 58. Rb6+ Kc5 59. Rb7
a2+ 60. Ka1 Bc3+ 61. Nb2 Rxb2 62. Rxb2 Kd5 63. Kxa2 Bxb2 64. Kxb2 Kxe5 0-1

[Event "Magyar rapid bajnokság"]
[Site "Ajka"]
[Date "2020.07.19"]
[Round "13.9"]
[White "Nagy, Gabor"]
[Black "Krstulovic, Alex"]
[Result "1-0"]
[WhiteElo "2523"]
[BlackElo "2108"]
[PlyCount "79"]
[EventDate "2020.07.17"]
[EventType "swiss"]
[EventRounds "13"]
[EventCountry "HUN"]

1. d4 Nf6 2. c4 g6 3. Nf3 Bg7 4. e3 d5 5. cxd5 Nxd5 6. Be2 O-O 7. e4 Nb6 8. O-O
Bg4 9. Nbd2 Nc6 10. d5 Na5 11. h3 Bxf3 12. Nxf3 c6 13. Qe1 Nac4 14. dxc6 bxc6
15. Rb1 Qd6 16. b3 Ne5 17. Nxe5 Qxe5 18. Bf3 Qe6 19. Be3 Rfd8 20. Rc1 Nd7 21.
Qa5 Ne5 22. Be2 Rd7 23. Rfd1 h5 24. Rxd7 Nxd7 25. Qc7 c5 26. Qb7 Nb6 27. Rxc5
Rd8 28. Rc7 Nc8 29. Qc6 Nd6 30. Bf3 Qe5 31. g3 h4 32. Bf4 Qa1+ 33. Kg2 hxg3 34.
Bxg3 Qxa2 35. Rxe7 Bd4 36. Rd7 Rxd7 37. Qxd7 Bc5 38. b4 Bxf2 39. Bxf2 Nc4 40.
Qd4 1-0

[Event "Magyar rapid bajnokság"]
[Site "Ajka"]
[Date "2020.07.19"]
[Round "13.10"]
[White "Horvath, Adam"]
[Black "Persanyi, Barnabas"]
[Result "1-0"]
[WhiteElo "2496"]
[BlackElo "2019"]
[PlyCount "51"]
[EventDate "2020.07.17"]
[EventType "swiss"]
[EventRounds "13"]
[EventCountry "HUN"]

1. e4 e5 2. Nf3 Nc6 3. Bb5 a6 4. Ba4 Nf6 5. Nc3 b5 6. Bb3 Be7 7. a4 Bb7 8. O-O
O-O 9. Re1 b4 10. Nd5 d6 11. a5 Nd7 12. d3 Nc5 13. Bc4 Rb8 14. Be3 Ne6 15. Qd2
Kh8 16. c3 bxc3 17. bxc3 Bc8 18. d4 exd4 19. cxd4 f5 20. exf5 Rxf5 21. Nxe7
Nxe7 22. Ng5 d5 23. Bd3 Qf8 24. Nxe6 Bxe6 25. Bg5 Ng6 26. Rxe6 1-0

[Event "Magyar rapid bajnokság"]
[Site "Ajka"]
[Date "2020.07.19"]
[Round "13.11"]
[White "Emodi, Barnabas"]
[Black "Bagi, Mate"]
[Result "1-0"]
[WhiteElo "2339"]
[BlackElo "2462"]
[PlyCount "67"]
[EventDate "2020.07.17"]
[EventType "swiss"]
[EventRounds "13"]
[EventCountry "HUN"]

1. d4 Nf6 2. Nf3 c5 3. c3 b6 4. Bg5 Ne4 5. Bh4 Bb7 6. e3 g6 7. Bd3 Bg7 8. O-O
O-O 9. Nbd2 d5 10. a4 Nxd2 11. Nxd2 Nc6 12. f4 Qd7 13. Nf3 f6 14. dxc5 bxc5 15.
e4 e6 16. Bf2 Qd6 17. exd5 exd5 18. f5 g5 19. Qb3 Rab8 20. Qa3 d4 21. cxd4 g4
22. dxc5 Qd5 23. Nh4 Ne5 24. Bc2 Qd2 25. Qc3 Qg5 26. b4 Nf3+ 27. gxf3 gxf3+ 28.
Bg3 Bh6 29. b5 Kh8 30. c6 Rg8 31. Nxf3 Qf4 32. Qxf6+ Bg7 33. Bxf4 Bxf6+ 34. Kf2
1-0

[Event "Magyar rapid bajnokság"]
[Site "Ajka"]
[Date "2020.07.19"]
[Round "13.12"]
[White "Korpa, Bence"]
[Black "Ongut, Tamas Gunes"]
[Result "1-0"]
[WhiteElo "2427"]
[BlackElo "1979"]
[PlyCount "101"]
[EventDate "2020.07.17"]
[EventType "swiss"]
[EventRounds "13"]
[EventCountry "HUN"]

1. Nf3 d5 2. g3 Nd7 3. c4 dxc4 4. Qa4 a6 5. Qxc4 Ngf6 6. Bg2 e6 7. Qc2 c5 8.
O-O Be7 9. b3 O-O 10. Bb2 Rb8 11. d3 b5 12. Nbd2 Bb7 13. Rac1 Qb6 14. Qb1 Rfd8
15. Qa1 Rbc8 16. Rc2 Bf8 17. Rfc1 h6 18. a3 Be7 19. h3 Nf8 20. Nf1 Bd5 21. b4
c4 22. e4 Bb7 23. e5 Nd5 24. dxc4 bxc4 25. Rxc4 Rxc4 26. Rxc4 Qb5 27. Qc1 Ng6
28. Nd4 Qb6 29. Nc6 Bxc6 30. Rxc6 Qb5 31. h4 Qe2 32. Rc2 Qg4 33. Nh2 Qf5 34.
Nf3 Ndf4 35. Bf1 Nd3 36. Bxd3 Rxd3 37. Ne1 Rd5 38. Rc8+ Kh7 39. Qc2 Qh3 40. Ng2
Qg4 41. Ne3 Qf3 42. Nxd5 Bxh4 43. gxh4 Qg4+ 44. Kf1 exd5 45. Rc3 Qxh4 46. Kg1
d4 47. Rg3 Kg8 48. e6 Nf4 49. exf7+ Kxf7 50. Qc7+ Ke8 51. Qe5+ 1-0

[Event "Magyar rapid bajnokság"]
[Site "Ajka"]
[Date "2020.07.19"]
[Round "13.13"]
[White "Balog, Imre"]
[Black "Varga, Peter"]
[Result "1-0"]
[WhiteElo "2626"]
[BlackElo "2323"]
[PlyCount "111"]
[EventDate "2020.07.17"]
[EventType "swiss"]
[EventRounds "13"]
[EventCountry "HUN"]

1. d4 d5 2. Nf3 Nf6 3. c4 c6 4. Qb3 dxc4 5. Qxc4 Bf5 6. g3 e6 7. Bg2 Nbd7 8.
O-O Be7 9. Rd1 O-O 10. e3 h6 11. Qe2 Ne4 12. Ne1 Qb6 13. f3 Nef6 14. e4 Bh7 15.
Be3 c5 16. Nc3 cxd4 17. Bxd4 Bc5 18. Qf2 e5 19. Bxc5 Nxc5 20. Nd3 Ncd7 21. Qxb6
axb6 22. Bh3 Rfd8 23. Kf2 Kf8 24. Ke3 g5 25. Rd2 h5 26. Bxd7 Nxd7 27. Rad1 Ke8
28. Nd5 Rac8 29. h4 g4 30. fxg4 hxg4 31. Nf2 f5 32. exf5 Bxf5 33. Ne4 Bxe4 34.
Kxe4 Kf7 35. Kf5 Rf8 36. Ne3 Ke7+ 37. Kxg4 Nf6+ 38. Kh3 Ne4 39. Rd7+ Ke6 40.
Ng4 Rc2 41. R7d5 Nf2+ 42. Nxf2 Rfxf2 43. Rd6+ Kf5 44. g4+ Kf4 45. Rf6+ Ke4 46.
Re1+ Kd5 47. Rxf2 Rxf2 48. h5 e4 49. h6 Ke5 50. h7 Rf8 51. Kg3 Rh8 52. Rh1 e3
53. Kf3 e2 54. Kxe2 Kf4 55. Kd3 Kxg4 56. Kc4 1-0

[Event "Magyar rapid bajnokság"]
[Site "Ajka"]
[Date "2020.07.19"]
[Round "13.14"]
[White "Egresi, Mate"]
[Black "Antal, Gergely"]
[Result "0-1"]
[WhiteElo "2299"]
[BlackElo "2537"]
[PlyCount "86"]
[EventDate "2020.07.17"]
[EventType "swiss"]
[EventRounds "13"]
[EventCountry "HUN"]

1. d4 Nf6 2. c4 g6 3. Nc3 d5 4. Nf3 Bg7 5. h4 c6 6. cxd5 cxd5 7. Bf4 O-O 8. e3
Nc6 9. Ne5 Nxe5 10. Bxe5 Ne4 11. Bxg7 Kxg7 12. Nxe4 dxe4 13. h5 Be6 14. Be2 Rc8
15. Qa4 Qb6 16. h6+ Kg8 17. Qa3 Rc2 18. Rb1 Bxa2 19. Qxa2 Qb4+ 20. Kf1 Qd2 21.
Kg1 Qxe2 22. Rf1 Rfc8 23. Kh2 Qh5+ 24. Kg1 Qb5 25. Kh2 a5 26. Qa3 Qg5 27. Kg1
Rc1 28. Qa4 Rxf1+ 29. Kxf1 Qg4 30. Ke1 Qxg2 31. Rf1 Qh3 32. d5 Qxh6 33. Qxe4
Rc1+ 34. Ke2 Qh5+ 35. f3 Qh2+ 36. Rf2 Qg1 37. Qa4 Qe1+ 38. Kd3 Qxf2 39. Qe8+
Kg7 40. Qxe7 Qxf3 41. d6 Rd1+ 42. Kc2 Qe2+ 43. Kb3 Qb5+ 0-1

[Event "Magyar rapid bajnokság"]
[Site "Ajka"]
[Date "2020.07.19"]
[Round "13.16"]
[White "Gombocz, Ferenc Jr"]
[Black "Seres, Lajos"]
[Result "0-1"]
[WhiteElo "1943"]
[BlackElo "2455"]
[PlyCount "114"]
[EventDate "2020.07.17"]
[EventType "swiss"]
[EventRounds "13"]
[EventCountry "HUN"]

1. c4 e5 2. g3 Nf6 3. Bg2 d5 4. cxd5 Nxd5 5. Nc3 Nb6 6. e3 Be7 7. Nge2 Nc6 8.
O-O O-O 9. f4 exf4 10. Nxf4 Nb4 11. d4 c6 12. e4 c5 13. d5 Bf6 14. Be3 Na6 15.
Nd3 Nc4 16. Bc1 Bd4+ 17. Kh1 Nc7 18. Ne2 Bg4 19. h3 Bh5 20. Ndf4 Bxe2 21. Qxe2
Ne5 22. Be3 Bxe3 23. Qxe3 b6 24. Nd3 Re8 25. Rad1 Nb5 26. Nxe5 Rxe5 27. Qd3 Nd6
28. Rc1 Qe7 29. a3 h6 30. b4 c4 31. Rxc4 Nxc4 32. Qxc4 Qd7 33. Rc1 Ree8 34. Qd4
Rac8 35. Rxc8 Qxc8 36. e5 Qf5 37. d6 Qxe5 38. d7 Qe1+ 39. Kh2 Rd8 40. Qd6 Qe6
41. Qxe6 fxe6 42. Bc6 Kf7 43. Kg2 Ke7 44. Kf3 Rxd7 45. Bxd7 Kxd7 46. a4 Kd6 47.
Ke4 a6 48. g4 g5 49. Kd4 e5+ 50. Kc4 Kc6 51. a5 b5+ 52. Kc3 Kd5 53. Kd3 e4+ 54.
Ke3 Ke5 55. Ke2 Kd4 56. Kd2 e3+ 57. Ke2 Ke4 0-1

[Event "Magyar rapid bajnokság"]
[Site "Ajka"]
[Date "2020.07.19"]
[Round "13.17"]
[White "Gaal, Zsoka"]
[Black "Meszaros, Tamas"]
[Result "0-1"]
[WhiteElo "1816"]
[BlackElo "2401"]
[PlyCount "56"]
[EventDate "2020.07.17"]
[EventType "swiss"]
[EventRounds "13"]
[EventCountry "HUN"]

1. Nf3 d5 2. d4 Nf6 3. c4 e6 4. Nc3 dxc4 5. e3 a6 6. Bxc4 b5 7. Be2 Bb7 8. O-O
Nbd7 9. a3 c5 10. dxc5 Bxc5 11. b4 Be7 12. Bb2 O-O 13. Qb3 Qb6 14. Rfd1 Rfd8
15. Rac1 Rac8 16. Rd2 Qa7 17. Rcd1 Nd5 18. Nd4 N7b6 19. Bf3 Nc4 20. Nxd5 Bxd5
21. Re2 Nxb2 22. Bxd5 Nxd1 23. Nc6 Rxc6 24. Bxc6 Qc7 25. Rc2 Qd6 26. Bf3 Bf6
27. Rc6 Qd2 28. Rc2 Qe1# 0-1

[Event "Magyar rapid bajnokság"]
[Site "Ajka"]
[Date "2020.07.19"]
[Round "13.18"]
[White "Horvath, Peter"]
[Black "Udvardi, Zalan"]
[Result "1-0"]
[WhiteElo "2466"]
[BlackElo "2078"]
[PlyCount "117"]
[EventDate "2020.07.17"]
[EventType "swiss"]
[EventRounds "13"]
[EventCountry "HUN"]

1. d4 Nf6 2. c4 e6 3. Nc3 Bb4 4. Bg5 O-O 5. e3 h6 6. Bh4 c5 7. d5 b5 8. Qc2
bxc4 9. O-O-O Bxc3 10. bxc3 exd5 11. Bxf6 Qxf6 12. Rxd5 Bb7 13. Rxc5 d5 14. Rb5
Qa6 15. Rb2 Nd7 16. Nf3 Bc6 17. Nd4 Rab8 18. Nxc6 Qxc6 19. Be2 Rxb2 20. Kxb2
Nc5 21. Rb1 Rb8+ 22. Ka1 Rxb1+ 23. Kxb1 g6 24. Qb2 Kg7 25. Qb4 Ne4 26. f3 Nc5
27. e4 dxe4 28. Qxc4 Qd6 29. fxe4 Qd2 30. Qxc5 Qe1+ 31. Kc2 Qxe2+ 32. Kb3 Qxg2
33. Qxa7 Qxh2 34. Qd4+ Kh7 35. Qf6 Qc7 36. a4 Qb7+ 37. Ka3 Kg8 38. e5 Qd5 39.
e6 Qd6+ 40. Kb3 Qb6+ 41. Kc2 fxe6 42. Qxg6+ Kf8 43. Qxh6+ Ke7 44. Qg7+ Kd6 45.
Qf8+ Kd7 46. Qb4 Qf2+ 47. Kb3 e5 48. Qb5+ Kd6 49. a5 Qa7 50. a6 e4 51. Kc4 Qc7+
52. Kd4 Qg7+ 53. Kc4 Qc7+ 54. Kb4 Qa7 55. c4 e3 56. c5+ Kc7 57. Kc3 Qa8 58.
Qb6+ Kc8 59. c6 1-0

[Event "Magyar rapid bajnokság"]
[Site "Ajka"]
[Date "2020.07.19"]
[Round "13.19"]
[White "Karacsonyi, Gellert"]
[Black "Molnar, Bela"]
[Result "1-0"]
[WhiteElo "2167"]
[BlackElo "2346"]
[PlyCount "71"]
[EventDate "2020.07.17"]
[EventType "swiss"]
[EventRounds "13"]
[EventCountry "HUN"]

1. e4 c5 2. Nf3 Nc6 3. d4 cxd4 4. Nxd4 e5 5. Nb5 d6 6. N1c3 a6 7. Na3 Be7 8.
Nd5 Nf6 9. Nxf6+ Bxf6 10. c4 O-O 11. Be2 Be6 12. O-O Rc8 13. Be3 Bg5 14. Nc2
Bxe3 15. Nxe3 Nd4 16. b3 g6 17. Rc1 Qh4 18. Nc2 Nc6 19. Bf3 Rcd8 20. g3 Qe7 21.
Qd2 b5 22. Be2 Qb7 23. f4 Qb6+ 24. Kh1 Bh3 25. Rfd1 f5 26. exf5 Bxf5 27. Bf3
Bxc2 28. Qxc2 Nd4 29. Bd5+ Kg7 30. Qe4 Rde8 31. cxb5 axb5 32. a4 b4 33. Rc4 Qa5
34. Rdc1 Nxb3 35. Rc7+ Kh8 36. Bxb3 1-0

[Event "Magyar rapid bajnokság"]
[Site "Ajka"]
[Date "2020.07.19"]
[Round "13.20"]
[White "Papp, Petra"]
[Black "Horvath, Kalman"]
[Result "1-0"]
[WhiteElo "2297"]
[BlackElo "2107"]
[PlyCount "195"]
[EventDate "2020.07.17"]
[EventType "swiss"]
[EventRounds "13"]
[EventCountry "HUN"]

1. e4 e5 2. Nf3 Nf6 3. Nxe5 d6 4. Nf3 Nxe4 5. Nc3 Nf6 6. d4 Be7 7. Bd3 Bg4 8.
h3 Bh5 9. Bf4 Nbd7 10. g4 Bg6 11. Qd2 Nb6 12. O-O-O Nbd5 13. Bxg6 hxg6 14. g5
Nxc3 15. gxf6 Nxa2+ 16. Kb1 Bxf6 17. Kxa2 Qd7 18. Rde1+ Kf8 19. h4 Qf5 20. Ng5
Qd5+ 21. Ka1 Qxd4 22. Qxd4 Bxd4 23. Bg3 Bf6 24. f4 Re8 25. Bf2 a6 26. c3 Bxg5
27. fxg5 Rxe1+ 28. Rxe1 f6 29. Ka2 Rh5 30. Rg1 Kf7 31. Kb3 Rh8 32. Kc4 fxg5 33.
hxg5 Rh2 34. Rf1 Kg8 35. b4 Rg2 36. Be3 Rg4+ 37. Kd3 Rg3 38. Rg1 Rh3 39. Rg4 c5
40. Re4 Kf7 41. bxc5 dxc5 42. Kc4 b6 43. Kd5 Rh2 44. Rf4+ Kg8 45. Kc6 Re2 46.
Re4 a5 47. Kxb6 a4 48. Rxa4 Rxe3 49. Rc4 Re6+ 50. Kb5 Kf7 51. Rxc5 Re1 52. c4
Ke6 53. Rd5 Re4 54. Kc5 Rg4 55. Kb5 Rf4 56. Rc5 Rg4 57. Kb6 Kd6 58. Rc6+ Kd7
59. Rc5 Kd6 60. Rd5+ Ke6 61. Kb5 Rf4 62. Rd1 Kf5 63. Rg1 Ke6 64. c5 Kd7 65.
Rd1+ Kc7 66. Re1 Rf7 67. Re6 Rf1 68. Rc6+ Kb7 69. Rxg6 Rf7 70. Kc4 Kc7 71. Kd5
Rf5+ 72. Ke6 Rxc5 73. Rxg7+ Kc6 74. g6 Rc1 75. Re7 Re1+ 76. Kf7 Rf1+ 77. Kg8
Kd6 78. Re2 Ra1 79. g7 Ra8+ 80. Kf7 Ra7+ 81. Kf8 Ra1 82. g8=Q Rf1+ 83. Qf7
Rxf7+ 84. Kxf7 Kd5 85. Kf6 Kd4 86. Kf5 Kd3 87. Re4 Kc3 88. Ke5 Kd3 89. Kd5 Kc3
90. Rd4 Kb3 91. Rc4 Kb2 92. Kd4 Kb3 93. Kd3 Kb2 94. Rb4+ Ka3 95. Kc3 Ka2 96.
Rb8 Ka1 97. Kc2 Ka2 98. Ra8# 1-0

[Event "Magyar rapid bajnokság"]
[Site "Ajka"]
[Date "2020.07.19"]
[Round "13.21"]
[White "Farago, Sandor"]
[Black "Margl, Roland"]
[Result "0-1"]
[WhiteElo "2271"]
[BlackElo "2120"]
[PlyCount "134"]
[EventDate "2020.07.17"]
[EventType "swiss"]
[EventRounds "13"]
[EventCountry "HUN"]

1. e4 c5 2. Nf3 Nc6 3. Bc4 Nf6 4. d3 d5 5. exd5 Nxd5 6. h3 e6 7. O-O Be7 8. Nc3
O-O 9. a3 Nxc3 10. bxc3 Bf6 11. Bd2 b6 12. Qe2 Bb7 13. Rfe1 Qc7 14. a4 Na5 15.
Ba2 Bc6 16. Ng5 h6 17. Ne4 Be7 18. Qg4 Kh7 19. Bf4 Qd7 20. Be5 Rg8 21. Qh5 f6
22. Bg3 Bd5 23. Bxd5 exd5 24. Nd2 Rae8 25. Qf3 Bd8 26. Nf1 Nc6 27. Bf4 Ne5 28.
Qg3 Ng6 29. Bd6 Re6 30. Rxe6 Qxe6 31. Bc7 Qc6 32. Bxd8 Rxd8 33. Ne3 Qe6 34. Kf1
Re8 35. Qf3 d4 36. cxd4 cxd4 37. Nf5 Qe5 38. g3 Re6 39. Rb1 Qc5 40. Rb5 Qxc2
41. Nxd4 Qc1+ 42. Kg2 Re5 43. Nf5 Rxb5 44. axb5 Qc5 45. d4 Qxb5 46. g4 Qd5 47.
Qxd5 Nf4+ 48. Kf3 Nxd5 49. Ke4 Nc3+ 50. Kd3 Nd5 51. Kc4 Nc7 52. d5 g6 53. Ne7
Ne8 54. Nc8 f5 55. d6 Nxd6+ 56. Nxd6 fxg4 57. hxg4 h5 58. gxh5 gxh5 59. Kd5 a5
60. Ke5 a4 61. Nb5 Kg6 62. f4 h4 63. f5+ Kf7 64. Nd6+ Kf8 65. Nb5 h3 66. Nc7 h2
67. Ne6+ Kg8 0-1